The Guinness book of poetry : (Record no. 135574)

MARC details
000 -LEADER
fixed length control field 00586nam a22002177a 4500
005 - DATE AND TIME OF LATEST TRANSACTION
control field 20170124110247.0
010 ## - LIBRARY OF CONGRESS CONTROL NUMBER
LC control number 758934
020 ## - INTERNATIONAL STANDARD BOOK NUMBER
Terms of availability 00.00
035 ## - SYSTEM CONTROL NUMBER
System control number 758934
037 ## - SOURCE OF ACQUISITION
Source of stock number/acquisition Cen Lib/Ret
040 ## - CATALOGING SOURCE
Original cataloging agency DPL
Language of cataloging EN
082 ## - DEWEY DECIMAL CLASSIFICATION NUMBER
Classification number 881
Item number GUI
110 ## - MAIN ENTRY--CORPORATE NAME
Subordinate unit The Guinness
9 (RLIN) 97703
245 ## - TITLE STATEMENT
Title The Guinness book of poetry :
Remainder of title 1956-1957 /
260 ## - PUBLICATION, DISTRIBUTION, ETC. (IMPRINT)
Place of publication, distribution, etc London
Name of publisher, distributor, etc Putnam
Date of publication, distribution, etc 1958
270 ## - ADDRESS
City London
Address 42 Great Russell street
300 ## - PHYSICAL DESCRIPTION
Extent 128p.
Dimensions 21cm(Hb)
650 ## - SUBJECT ADDED ENTRY--TOPICAL TERM
Topical term or geographic name as entry element Literature -- Poems
9 (RLIN) 97704
650 ## - SUBJECT ADDED ENTRY--TOPICAL TERM
Topical term or geographic name as entry element English poetry
9 (RLIN) 97705
942 ## - ADDED ENTRY ELEMENTS (KOHA)
Source of classification or shelving scheme Dewey Decimal Classification
Koha item type English Books
Classification part 881
Call number suffix GUI
Holdings
Withdrawn status Lost status Damaged status Not for loan Home library Current library Date acquired Source of acquisition Cost, normal purchase price Total Checkouts Full call number Barcode Date last seen Date checked out Copy number Cost, replacement price Price effective from Koha item type
        Central Library Central Library 07/10/2015 Cen Lib/Ret 0.00 1 881 GUI 758934 23/12/2017 18/12/2017 1 0.00 07/10/2015 English Books

© Delhi Public Library
Hit Counter
free hit counter